MDQL
is popping MORE tags! Check the
thread
!
Quizzes
Events
Quiz Creation
Community
Videos
Private Events
Remove Ads
Sign In
Join for FREE
Feedback
Dark Mode
Quiz Categories
Sports
Geography
Music
Movies
Television
Just For Fun
Miscellaneous
History
Literature
Language
Science
Gaming
Entertainment
Religion
Holiday
For Kids
Quiz Lab
Recent
Popular Today
Quiz Kudos Today
Editor Picks
Curator Picks
Quizzes by...
Day
Popularity
Type
Ratings
Length
Year
Community
Subscriptions
Recent Discussions
Orange Saloon
Badges
Playlists
Quests
Create
Leaderboards
Showdown
Live 5
Trivia Bingo
Activity
Puzzle Library
Sporcle Events
Private Events
Virtual Trivia
Globe League
Become a Host
Pub Owners
SporcleCon
Opinionation
Our Games
Videos
Blog
Mobile Apps
Partnerships
Remove Ads and Go Orange
Feedback
Geography
Country
Landmarks
City
State
Population
World
Capital
Continent
Flags
Europe
Africa
Asia
South America
North America
Oceania
Border
Canada
United Kingdom
Topography
United States
Geography
Country
Landmarks
City
State
Population
World
Capital
Continent
Flags
Europe
Africa
Asia
South America
North America
Oceania
Border
Canada
United Kingdom
Topography
United States
Random Quiz
Search Sporcle
×
Quiz Lab
Quiz Lab
Geography
World
Type in answers that appear in a list
Type in answers that appear in a list
Classic
Best Score? Go Orange.
20 FACTS You Should Know About Earth Stats
Can you name the 20 Things You Should Know About the World?
By
Almasa
3m
20 Questions
888 Plays
888 Plays
888 Plays
Comments
Comments
Give Quiz Kudos
Give Quiz Kudos
-
- Ratings
hide this ad
More Info
Forced Order
Answers have to be entered in order
Answers have to be entered in order
Replay
Link that replays current quiz
Next Quiz
Link to next quiz in quiz playlist
You Got
0%
They Got
Avg Score
60%
Avg Friend Score
Upgrade to see
Score Distribution
Jump to the score distribution portion of the page
Score
0/20
Timer
03:00
0
Plays Today
Question
Answer
% Correct
Largest Ocean?
Pacific Ocean
97.7%
Most Populous Country?
China
97.1%
Highest Mountain?
Mount Everest
96.3%
Most Spoken Language?
Mandarin (845 million)
95.8%
Most Practiced Religion?
Christianity (2.1 billion)
94.9%
Largest Continent?
Asia
93.6%
Longest River?
Nile River
89.4%
Most Populous City?
Tokyo (35,676,000 metro)
81.4%
Largest River (Rate of Discharge)?
Amazon River
76.9%
Largest Island?
Greenland
56.4%
Question
Answer
% Correct
Highest Waterfall?
Angel Falls (Venezuela - 979m)
50.8%
Country with Highest Life Expectancy (Overall)?
Japan (82.6)
50.3%
Most Common Type of Rock?
Basalt (Igneous)
42.8%
Deepest Point in the Oceans?
Vityaz-1 Deep (Mariana Trench - 11.03km)
39.4%
Largest (Surface Area/
Volume) Lake?
Caspian Sea
38.1%
Most Abundant Element in the Earth's Crust?
Oxygen (46.1%)
35.2%
Deepest Lake?
Lake Baikal
31.6%
Highest GDP per capita Country?
Qatar ($88,232) *IMF-2010
22.7%
What Geological Epoch are we in?
Holocene Epoch
6.8%
Site of Oldest Known Human Ancestor Fossils'?
Olduvai Gorge
4.9%
Quiz Playlist
Details
Report
Send in Message
Add To Playlist
More Info:
Give the answer to each individual question with regards to the World.
Classic:
Type in answers that appear in a list
Forced Order:
Answers have to be entered in order
Quiz Source
Last Updated: Feb 16, 2017
Quiz Scoreboard
CHALLENGE
Sign Up to Join the Scoreboard
Show All
Scores
Hide
Comments
May contain spoilers
Recently Published
1-10 Letter E Words III
by El_Dandy
Language
2m
Street Fighter Characters
by Artimus82
Gaming
60s
College Basketball Coaching Resumes
by pancakes188
Sports
9m
More to Explore
Quiz From the Vault
Featured Blog Post
Where Did the Easter Bunny Come From?
hide this ad
You Might Also Like...
Tags
World Quiz
global
Today's Top Quizzes in Geography
Browse Geography
hide this ad
Today's Top Quizzes in World
Browse World
Top Contributed Quizzes in Geography
1
Countries of the World - No Outlines Minefield
2
Top 25 Cities of France on a map
3
Any capital of a 'B' country per Continent
4
Any capital of a 'C' country per Continent
5
Closest Countries to UK A-Z
6
Any capital of a 'D' country per Continent
7
5-to-1: US Geography No Hints
8
Any capital of an 'E' country per Continent
9
Find the US States - No Outlines
10
Any capital of an 'F' country per Continent
Explore More
Trending Topics
Kpop
Marvel
Crossword
Anime
Disney
NBA
Harry Potter
Soccer
NFL
Country
Pokémon
Song
WWE
Puzzle
The Office
hide this ad
More By:
Almasa
Quiz
Plays
Rating
Category
Featured
Created
Beer Producing Countries
97,933
4.65
Geography
Feb 7, 2011
Painters by Important Work
62,949
4.45
History
Nov 26, 2010
Six-Word Movie Titles
56,344
3.82
Movies
Mar 20, 2011
World's 100 Greatest Philosophers
12,020
4.65
Literature
Jan 1, 2011
SPORTS THREESOMES
10,658
4.19
Sports
Feb 2, 2011
Go to Creator's Profile
Score Distribution
Quiz Creator Spotlight
Almasa
Follow
Send a Message
Quizzes Created
-
Created Quiz Play Count
-
More By This Creator
Popular Quizzes Today
1
Find the US States - No Outlines Minefield
2
Find the Countries of Europe - No Outlines Minefield
3
The Countries of the World
4
Find the US States
5
Risky Map Clicking: Biggest States A-Z
6
US States
7
Popular People in 1961
8
Movies - When Are They Set?
More Geography Quizzes
Fix the Oceania Map
Published
Trending Quizzes
Risky Map Clicking: Least Populous States A-Z
1-10 Letter G Words
1-10 Letter F Words
Countries of the World: 200 Million BC
Risky Map Clicking: Next State Alphabetically
Recently Updated
Beyoncé Albums
pecheneg
Leaping Animals
pecheneg
Reality TV Shows (A-Z)
bhenderson79
Rickey Henderson's Hall of Fame Teammates
pecheneg
Champions League XIs: Arsenal
pecheneg
Quick Pick: Celebrities in WWE's Hall of Fame
aduchscher
A-Z Keypad Blitz II
pecheneg
Multiple Oscar Actors
pecheneg
Mystery Phrase Blitz: Oscar 'Best Actors'
pecheneg
F. Scott Fitzgerald Novels
LTH
Trending Topics
Harry Potter
Crossword
NBA
Kpop
Anime
Disney
Marvel
WWE
The Office
Country
Song
Puzzle
Soccer
NFL
Pokémon
Your Account Isn't Verified!
In order to create a playlist on Sporcle, you need to verify the email address you used during registration. Go to your
Sporcle Settings
to finish the process.
Report this User
Report this user for behavior that violates our
Community Guidelines
.
Details:
Send Report
Go to the Sporcle.com Mobile Site →
Comments